| 000 | 01380fam a2200373 a 4500 | ||
|---|---|---|---|
| 999 |
_c28565 _d28536 |
||
| 001 | 4153871 | ||
| 003 | EG-ScBUE | ||
| 005 | 20200817114751.0 | ||
| 008 | 970108t1997 enkab f b 001 0 eng d | ||
| 020 | _a063204134X | ||
| 020 | _a9780632041343 | ||
| 035 | _a(OCoLC)ocn685755051 | ||
| 035 | _a4153871 | ||
| 040 |
_aDLC _beng _erda _cDLC _dEG-ScBUE |
||
| 043 | _ae-uk--- | ||
| 082 | 0 | 4 |
_a333.73 _bSYM _222 |
| 100 | 1 |
_aSyms, Paul M., _eauthor. |
|
| 245 | 1 | 0 |
_aContaminated land : _bthe practice and economics of redevelopment / _cPaul M. Syms, MPhil, PhD, FSVA, AClArb, principal Paul Syms Associates, Cheshire and ISVA visiting professor of land and property Sheffield University. |
| 264 | 1 |
_aOxford : _bBlackwell Science Ltd, _c[1997] |
|
| 264 | 4 | _cc1997 | |
| 300 |
_ax, 308 pages : _billustrations, maps ; _c24 cm |
||
| 336 |
_2rdacontent _atext _btxt |
||
| 337 |
_2rdamedia _aunmediated _bn |
||
| 338 |
_2rdacarrier _avolume _bnc |
||
| 504 | _aIncludes bibliographical references and index. | ||
| 650 | 7 |
_aLand use _xGovernment policy _zGreat Britain. _2BUEsh |
|
| 650 | 7 |
_aReclamation of land _xGovernment policy _zGreat Britain. _2BUEsh _95053 |
|
| 650 | 7 |
_aSoil pollution _zGreat Britain. _2BUEsh |
|
| 650 | 7 |
_aEnvironmental risk assessment _zGreat Britain. _2BUEsh |
|
| 653 |
_bBUSECO _cJuly2020 |
||
| 655 |
_vReading book _934232 |
||
| 942 |
_2ddc _cBB |
||
| 948 | _amon6 | ||